[Event "Aspropyrgos op-B 1st"]
[Site "Aspropyrgos"]
[Date "2019.09.22"]
[Round "9"]
[White "Papadopoulos, Georgios Lavr"]
[Black "Topalidis, Ioannis D"]
[Result "0-1"]
[WhiteElo "1173"]
[BlackElo "1533"]
[PlyCount "94"]
[EventDate "2019.09.14"]
[EventType "swiss"]
[EventRounds "9"]
[EventCountry "GRE"]
[SourceTitle "CBM 195 Extra"]
[Source "ChessBase"]
[SourceDate "2020.05.31"]
[SourceVersion "1"]
[SourceVersionDate "2020.05.31"]
[SourceQuality "1"]

1. e4 c5 2. a3 Nc6 3. b4 cxb4 4. axb4 Nxb4 5. d4 e6 6. c3 Nc6 7. Nf3 d5 8. exd5 Qxd5 9. Na3 Qd8 10. Nb5 a6 11. Bf4 Rb8 12. Bxb8 Nxb8 13. Na3 Qc7 14. Qc1 Nf6 15. Bd3 Be7 16. 0-0 0-0 17. Re1 Nc6 18. Nc4 b5 19. Nce5 Na5 20. Qb2 Nd5 21. Rac1 Nc4 22. Nxc4 bxc4 23. Bb1 Bd7 24. Ba2 Bb5 25. Ne5 Rc8 26. Ng4 Qa5 27. Qc2 Ba3 28. Bb1 g6 29. h3 Bxc1 30. Rxc1 Qd8 31. Ne3 Nxe3 32. fxe3 Qg5 33. Qe2 a5 34. Be4 Ba4 35. Ra1 Bb3 36. Kf2 Qh4+ 37. Kf3 Qh5+ 38. Kf2 Qh4+ 39. Kf3 a4 40. Bb7 Rc7 41. Ba6 Rc6 42. Bb7 Rb6 43. Be4 f5 44. Bb1 g5 45. Ba2 f4 46. Qf2 Qh5+ 47. Ke4 Bc2+ 0-1

[Event "Aspropyrgos op-B 1st"]
[Site "Aspropyrgos"]
[Date "2019.09.18"]
[Round "5"]
[White "Papadopoulos, Georgios Lavr"]
[Black "Barous, Theodoros"]
[Result "0-1"]
[WhiteElo "1173"]
[BlackElo "1277"]
[PlyCount "104"]
[EventDate "2019.09.14"]
[EventType "swiss"]
[EventRounds "9"]
[EventCountry "GRE"]
[SourceTitle "CBM 195 Extra"]
[Source "ChessBase"]
[SourceDate "2020.05.31"]
[SourceVersion "1"]
[SourceVersionDate "2020.05.31"]
[SourceQuality "1"]

1. e4 c5 2. Nc3 Nc6 3. Nf3 g6 4. Bc4 Bg7 5. Ng5 e6 6. d3 Nge7 7. Be3 d6 8. 0-0 0-0 9. f4 a6 10. a3 b5 11. Ba2 Rb8 12. e5 Nf5 13. Bf2 Ncd4 14. Re1 Bb7 15. Bxd4 Nxd4 16. Ne2 dxe5 17. Nxd4 Qxd4+ 18. Kh1 Qxf4 19. Nf3 Rbd8 20. Qe2 Bxf3 21. gxf3 e4 22. Rab1 exf3 23. Qf2 Bd4 24. Qg3 Qxg3 25. hxg3 Bf2 26. Rf1 Bxg3 27. Rxf3 Bb8 28. Rbf1 c4 29. dxc4 Rd2 30. cxb5 Rh2+ 31. Kg1 Rd8 32. R3f2 Rxf2 33. Kxf2 Rd2+ 34. Ke3 Rxc2 35. b6 Rxb2 36. Rb1 Rxa2 37. b7 Rxa3+ 38. Kd2 Bf4+ 39. Ke2 a5 40. Rb6 a4 41. Rb4 Ra2+ 42. Kd3 Bb8 43. Rc4 Kg7 44. Rc8 Be5 45. b8Q Bxb8 46. Rxb8 a3 47. Ra8 Rh2 48. Kc4 a2 49. Kb3 h5 50. Kc3 h4 51. Kd3 h3 52. Ke3 Rb2 0-1